[Event "EU-ch Blitz"]
[Site "Zagreb"]
[Date "2023.12.16"]
[Round "12"]
[White "Draskovic, Luka"]
[Black "Franc, Borna"]
[Result "0-1"]
[WhiteElo "2481"]
[BlackElo "2204"]
[PlyCount "94"]
[EventDate "2023.12.16"]
[EventType "swiss (blitz)"]
[EventRounds "13"]
[EventCountry "CRO"]
[SourceTitle "CB51_2023"]
[SourceDate "2023.12.20"]
[SourceVersion "1"]
[SourceVersionDate "2023.12.20"]
[SourceQuality "1"]

1. Nf3 Nf6 2. b3 d5 3. Bb2 c5 4. e3 a6 5. c4 e6 6. cxd5 exd5 7. Be2 Nc6 8. d4 cxd4 9. Nxd4 Bd6 10. 0-0 0-0 11. Nc3 Qe7 12. Bf3 Rd8 13. Nce2 Ne5 14. Ng3 Nxf3+ 15. Nxf3 Bg4 16. Qd4 Bxf3 17. gxf3 Qe6 18. Rac1 Qh3 19. Qd3 Nh5 20. Qf5 Qh4 21. Kg2 g6 22. Qd3 Ng7 23. Rfd1 Ne6 24. Qc3 d4 25. Qc4 b5 26. Qc6 Ng5 27. Rxd4 Qh3+ 28. Kg1 Be7 29. f4 Ne6 30. Rxd8+ Rxd8 31. Qc3 f6 32. Qc6 Kf7 33. Qxa6 h5 34. Qxb5 h4 35. Nf1 Qg4+ 36. Ng3 hxg3 37. hxg3 Qf3 38. Qf1 Rd2 39. Bc3 Rxa2 40. Qg2 Qxg2+ 41. Kxg2 Nc5 42. Bb4 Nd3 43. Bxe7 Nxc1 44. Bd6 Nxb3 45. g4 Nd2 46. Bb4 Ne4 47. Kf3 f5 0-1

[Event "EU-ch Blitz"]
[Site "Zagreb"]
[Date "2023.12.16"]
[Round "3"]
[White "Franc, Borna"]
[Black "Jobava, Baadur"]
[Result "0-1"]
[WhiteElo "2204"]
[BlackElo "2591"]
[PlyCount "116"]
[EventDate "2023.12.16"]
[EventType "swiss (blitz)"]
[EventRounds "13"]
[EventCountry "CRO"]
[SourceTitle "CB51_2023"]
[SourceDate "2023.12.20"]
[SourceVersion "1"]
[SourceVersionDate "2023.12.20"]
[SourceQuality "1"]

1. e4 c6 2. d4 d5 3. exd5 cxd5 4. Nf3 Nc6 5. Bd3 Bg4 6. c3 e6 7. Bf4 Bd6 8. Bxd6 Qxd6 9. 0-0 Nge7 10. Re1 Bh5 11. Nbd2 Bg6 12. Bxg6 hxg6 13. h3 f6 14. c4 Kf7 15. Qb3 Na5 16. Qb5 Nxc4 17. Nxc4 dxc4 18. Qxc4 Rac8 19. Qb3 Qd5 20. Qa3 Nc6 21. Re3 Rhe8 22. Rae1 a5 23. Qb3 Qxb3 24. Rxb3 Rc7 25. Rb5 Rd8 26. Rd1 Rd5 27. Rxd5 exd5 28. Rc1 Ke6 29. Rc3 Kd6 30. Kf1 g5 31. Ke2 b5 32. Kd2 b4 33. Rc1 Re7 34. Rc5 a4 35. Rb5 Re4 36. Kd3 Rf4 37. Ke3 Re4+ 38. Kd3 f5 39. Nxg5 Rxd4+ 40. Ke3 Rc4 41. Nf3 Rc2 42. Rb6 Kc7 43. Ra6 Rxb2 44. Rxa4 Kd6 45. Ra6 Kc5 46. Ra8 d4+ 47. Kd3 Rxf2 48. Rc8 Kd5 49. Nh4 Rxa2 50. Rxc6 Kxc6 51. Nxf5 Rxg2 52. Kc4 Kd7 53. Nxd4 Rh2 54. Nf5 g6 55. Nh4 Rxh3 56. Nxg6 Kd6 57. Kxb4 Rg3 58. Nf4 Rg4 0-1

[Event "EU-ch U16 rapid"]
[Site "Terme Catez"]
[Date "2023.09.29"]
[Round "7"]
[White "Franc, Borna"]
[Black "Zmaucar, Miha"]
[Result "1-0"]
[WhiteElo "2128"]
[BlackElo "1809"]
[PlyCount "69"]
[EventDate "2023.09.28"]
[EventType "swiss (rapid)"]
[EventRounds "9"]
[EventCountry "SLO"]
[SourceTitle "EXT 2024"]
[Source "ChessBase"]
[SourceDate "2023.10.10"]
[SourceVersion "1"]
[SourceVersionDate "2023.10.10"]
[SourceQuality "1"]

1. e4 d5 2. exd5 Nf6 3. d4 Bg4 4. Nf3 Qxd5 5. Be2 Nc6 6. h3 Bf5 7. c4 Qd7 8. d5 Nb4 9. Nd4 e5 10. Nxf5 Qxf5 11. 0-0 0-0-0 12. a3 Nc6 13. Be3 e4 14. Qa4 Ne5 15. Qxa7 Bd6 16. Qa8+ Kd7 17. Qa4+ c6 18. dxc6+ bxc6 19. c5 Nf3+ 20. Bxf3 exf3 21. Rd1 Rhe8 22. Rxd6+ Ke7 23. Qf4 Qc2 24. Nd2 Nd5 25. Qh4+ Nf6 26. Nxf3 Kf8 27. Rxf6 Rd1+ 28. Rxd1 Qxd1+ 29. Kh2 gxf6 30. Qxf6 Re6 31. Qh8+ Ke7 32. Bg5+ f6 33. Qg7+ Kd8 34. Bxf6+ Kc8 35. Qg8+ 1-0

[Event "EU-ch U16 rapid"]
[Site "Terme Catez"]
[Date "2023.09.28"]
[Round "2"]
[White "Franc, Borna"]
[Black "Sundac, Ivano"]
[Result "1-0"]
[WhiteElo "2128"]
[BlackElo "1899"]
[PlyCount "69"]
[EventDate "2023.09.28"]
[EventType "swiss (rapid)"]
[EventRounds "9"]
[EventCountry "SLO"]
[SourceTitle "EXT 2024"]
[Source "ChessBase"]
[SourceDate "2023.10.10"]
[SourceVersion "1"]
[SourceVersionDate "2023.10.10"]
[SourceQuality "1"]

1. e4 c5 2. d4 cxd4 3. c3 Nf6 4. e5 Nd5 5. cxd4 d6 6. Nf3 Nc6 7. Bc4 Nb6 8. Bb5 Bd7 9. exd6 e6 10. Bg5 Qb8 11. Nc3 Bxd6 12. 0-0 0-0 13. Bh4 a6 14. Bd3 h6 15. Bc2 Nb4 16. Bb1 N4d5 17. Qd3 f5 18. Bg3 Nf4 19. Bxf4 Bxf4 20. Bc2 Qe8 21. Bb3 Qh5 22. g3 Bd6 23. Ne5 Bxe5 24. dxe5 Rad8 25. Qe3 Nc8 26. Qe2 Qxe2 27. Nxe2 Kf7 28. Rfd1 g5 29. Nd4 Ke7 30. Rac1 Nb6 31. Rc7 Nd5 32. Bxd5 exd5 33. e6 Kd6 34. Rxd7+ Rxd7 35. exd7 1-0

[Event "Split op 12th"]
[Site "Split"]
[Date "2023.08.07"]
[Round "4"]
[White "Miskovic, Bozo"]
[Black "Franc, Borna"]
[Result "0-1"]
[WhiteElo "1961"]
[BlackElo "2246"]
[PlyCount "92"]
[EventDate "2023.08.05"]
[EventType "swiss"]
[EventRounds "9"]
[EventCountry "CRO"]
[SourceTitle "CBM 215 Extra"]
[Source "ChessBase"]
[SourceDate "2023.09.30"]
[SourceVersion "1"]
[SourceVersionDate "2023.09.30"]
[SourceQuality "1"]

1. e4 e5 2. Nf3 Nc6 3. Bc4 Bc5 4. c3 Nf6 5. d3 d6 6. h3 a6 7. Bb3 h6 8. 0-0 Ba7 9. Be3 0-0 10. Qd2 d5 11. Bxa7 Rxa7 12. Re1 dxe4 13. dxe4 Qe7 14. Qe3 Ra8 15. Nbd2 Nh5 16. Rad1 Nf4 17. Nf1 Qf6 18. Ng3 Na5 19. Nd2 Nxb3 20. axb3 Be6 21. Kh2 Rfd8 22. Nc4 Qg5 23. Qf3 Rxd1 24. Rxd1 a5 25. Nf5 g6 26. Nfe3 b5 27. Nd2 Rd8 28. c4 c6 29. Nb1 b4 30. Rxd8+ Qxd8 31. Qd1 Qd4 32. Qxd4 exd4 33. Nd1 f5 34. f3 Nd3 35. Nd2 Kf7 36. Kg3 Kf6 37. Kh2 Ke5 38. g3 fxe4 39. Nxe4 Bf5 40. Nd2 Nc5 41. Nf2 Bc2 42. Kg2 Nxb3 43. f4+ Ke6 44. Nfe4 Bxe4+ 45. Nxe4 a4 46. Nf2 a3 0-1

[Event "EU-ch Amateur U2300"]
[Site "Zagreb"]
[Date "2022.08.16"]
[Round "4"]
[White "Franc, Borna"]
[Black "Jakovic, Roko"]
[Result "1/2-1/2"]
[WhiteElo "2020"]
[BlackElo "1921"]
[PlyCount "37"]
[EventDate "2022.08.14"]
[EventType "swiss"]
[EventRounds "9"]
[EventCountry "CRO"]
[SourceTitle "CBM 210 Extra"]
[Source "ChessBase"]
[SourceDate "2022.11.30"]
[SourceVersion "1"]
[SourceVersionDate "2022.11.30"]
[SourceQuality "1"]

1. e4 c5 2. c3 Nf6 3. e5 Nd5 4. d4 cxd4 5. cxd4 Nc6 6. Nf3 d6 7. Be2 e6 8. 0-0 Be7 9. exd6 Qxd6 10. Nc3 0-0 11. Bd3 Nxc3 12. bxc3 Bf6 13. Bg5 Qe7 14. Bxf6 Qxf6 15. Re1 Rb8 16. Rb1 Rd8 17. Qe2 g6 18. Nd2 b6 19. Be4 1/2-1/2

[Event "CRO-ch U15"]
[Site "Trogir"]
[Date "2022.06.27"]
[Round "9"]
[White "Franc, Borna"]
[Black "Colev, Ivor"]
[Result "1-0"]
[WhiteElo "2032"]
[BlackElo "1992"]
[PlyCount "51"]
[EventDate "2022.06.22"]
[EventType "swiss"]
[EventRounds "9"]
[EventCountry "CRO"]
[SourceTitle "CBM 209 Extra"]
[Source "ChessBase"]
[SourceDate "2022.09.30"]
[SourceVersion "1"]
[SourceVersionDate "2022.09.30"]
[SourceQuality "1"]

1. e4 c5 2. Nf3 d6 3. g3 Nf6 4. d3 e6 5. Bg2 Be7 6. 0-0 0-0 7. c3 Nc6 8. Re1 Bd7 9. d4 cxd4 10. cxd4 d5 11. exd5 Nxd5 12. Nc3 Bb4 13. Bd2 Nce7 14. Nxd5 Nxd5 15. Bxb4 Nxb4 16. Qb3 Qb6 17. Ne5 Bc6 18. Nc4 Qxd4 19. Qxb4 Bxg2 20. Kxg2 f5 21. Rad1 Qg4 22. h3 Qg5 23. f4 Qf6 24. Ne5 Rfc8 25. Qb3 Re8 26. h4 1-0

[Event "CRO-ch U15"]
[Site "Trogir"]
[Date "2022.06.25"]
[Round "6"]
[White "Franc, Borna"]
[Black "Mandaric, Fran"]
[Result "1-0"]
[WhiteElo "2032"]
[BlackElo "1808"]
[PlyCount "65"]
[EventDate "2022.06.22"]
[EventType "swiss"]
[EventRounds "9"]
[EventCountry "CRO"]
[SourceTitle "CBM 209 Extra"]
[Source "ChessBase"]
[SourceDate "2022.09.30"]
[SourceVersion "1"]
[SourceVersionDate "2022.09.30"]
[SourceQuality "1"]

1. e4 c5 2. d4 cxd4 3. c3 d3 4. Bxd3 Nc6 5. c4 g6 6. Nf3 Bg7 7. 0-0 d6 8. h3 Nf6 9. Nc3 0-0 10. Be3 b6 11. Rc1 Bb7 12. Qd2 Rc8 13. b3 Nd7 14. Bh6 Nde5 15. Be2 Nxf3+ 16. Bxf3 Nd4 17. Bg4 Bxh6 18. Qxh6 f5 19. exf5 Nxf5 20. Qd2 Qd7 21. Rfe1 Rce8 22. Qg5 Kg7 23. Nd5 e6 24. Nf4 Qf7 25. Bxf5 exf5 26. Qg3 Re5 27. Qc3 Rfe8 28. Nd3 Qf6 29. Nxe5 dxe5 30. Rcd1 Qc6 31. Rd5 Kh6 32. Rexe5 Qf6 33. Qd2+ 1-0

[Event "Wch U16 rapid"]
[Site "Rhodes"]
[Date "2022.05.01"]
[Round "2"]
[White "Franc, Borna"]
[Black "Pidluznij, Gleb"]
[Result "0-1"]
[WhiteElo "1874"]
[BlackElo "2051"]
[PlyCount "102"]
[EventDate "2022.05.01"]
[EventType "swiss (rapid)"]
[EventRounds "9"]
[EventCountry "GRE"]
[SourceTitle "CBM 208 Extra"]
[Source "ChessBase"]
[SourceDate "2022.07.31"]
[SourceVersion "1"]
[SourceVersionDate "2022.07.31"]
[SourceQuality "1"]

1. e4 c5 2. d4 cxd4 3. c3 Nf6 4. e5 Nd5 5. cxd4 d6 6. Nf3 Nc6 7. Be2 g6 8. Nc3 dxe5 9. dxe5 Nxc3 10. Qxd8+ Nxd8 11. bxc3 Bg7 12. Bb5+ Bd7 13. Bxd7+ Kxd7 14. Ba3 Nc6 15. Rd1+ Kc7 16. 0-0 Nxe5 17. Nxe5 Bxe5 18. Bxe7 Rhe8 19. Bh4 Rac8 20. Bg3 f5 21. Rfe1 Bxg3 22. hxg3 Rcd8 23. Kf1 Rxd1 24. Rxd1 Kc6 25. Rd4 b5 26. a4 a5 27. axb5+ Kxb5 28. Rd7 Re6 29. Rd5+ Ka4 30. c4 Rc6 31. Ke2 Rxc4 32. Kd3 Rc7 33. Rd6 Kb5 34. Rd5+ Kb4 35. Rd8 Rc5 36. Rb8+ Rb5 37. Ra8 a4 38. Kc2 a3 39. Kb1 Kb3 40. Ra7 h5 41. Ra8 Kc3+ 42. Ka1 Kd3 43. Rxa3+ Ke2 44. Rf3 Kf1 45. Rf4 Kxg2 46. Ka2 Rd5 47. Kb3 Rd3+ 48. Kc4 Rf3 49. Rd4 Kxf2 50. Rd6 Rxg3 51. Kd4 h4 0-1

[Event "EU-ch 22nd"]
[Site "Terme Catez"]
[Date "2022.03.27"]
[Round "1"]
[White "Parkhov, Yair"]
[Black "Franc, Borna"]
[Result "1/2-1/2"]
[WhiteElo "2450"]
[BlackElo "2013"]
[PlyCount "150"]
[EventDate "2022.03.27"]
[EventType "swiss"]
[EventRounds "11"]
[EventCountry "SLO"]
[SourceTitle "CBM 208"]
[Source "ChessBase"]
[SourceDate "2022.06.30"]
[SourceVersion "1"]
[SourceVersionDate "2022.06.30"]
[SourceQuality "1"]

1. d4 d5 2. c4 e6 3. Nf3 Nf6 4. g3 Be7 5. Bg2 0-0 6. 0-0 c6 7. Qc2 b6 8. Nbd2 Bb7 9. e4 dxe4 10. Nxe4 Nxe4 11. Qxe4 Nd7 12. Rd1 Nf6 13. Qc2 Qc8 14. c5 Rd8 15. Bf4 Nd5 16. Bg5 Qc7 17. Bxe7 Qxe7 18. a3 bxc5 19. dxc5 a5 20. Rac1 Ba6 21. h4 h6 22. Ne5 Qc7 23. Re1 Rab8 24. Rcd1 Ne7 25. Bh3 Bc8 26. Rxd8+ Qxd8 27. Bg2 Qc7 28. Nc4 Nd5 29. Qd2 a4 30. Qc2 Ba6 31. Nd6 Rb3 32. Rd1 Qe7 33. Ne4 Qc7 34. Qd2 Qe5 35. Qd4 Qxd4 36. Rxd4 Bb5 37. Rd2 g6 38. Nd6 Kg7 39. Be4 Ba6 40. Kg2 f5 41. Bb1 Kf6 42. Ba2 Rb8 43. Kg1 g5 44. h5 g4 45. Kg2 Kg5 46. f4+ gxf3+ 47. Kxf3 Bf1 48. Kf2 Ba6 49. Kf3 Bf1 50. Bxd5 exd5 51. Ke3 Rb3+ 52. Kf2 Bd3 53. Nf7+ Kf6 54. Nd8 Bb5 55. Nb7 Bc4 56. Na5 Rb5 57. Nxc6 Rxc5 58. Nd4 Rc8 59. Nc2 Kg5 60. Ne3 Kxh5 61. Nxd5 Bxd5 62. Rxd5 Rc2+ 63. Kf3 Rxb2 64. g4+ Kg6 65. gxf5+ Kg5 66. Ra5 Rb3+ 67. Ke4 Rxa3 68. Ra6 Ra1 69. Rg6+ Kh5 70. Rg2 a3 71. Kf4 Rf1+ 72. Ke5 Ra1 73. f6 a2 74. Re2 Kg6 75. Ke6 Rg1 1/2-1/2

[Event "CRO-ch U15"]
[Site "Trogir"]
[Date "2021.06.23"]
[Round "7"]
[White "Martic, Filip"]
[Black "Franc, Borna"]
[Result "0-1"]
[WhiteElo "1748"]
[BlackElo "1901"]
[PlyCount "76"]
[EventDate "2021.06.18"]
[EventType "swiss"]
[EventRounds "9"]
[EventCountry "CRO"]
[SourceTitle "EXT 2022"]
[Source "ChessBase"]
[SourceDate "2021.10.06"]
[SourceVersion "1"]
[SourceVersionDate "2021.10.06"]
[SourceQuality "1"]

1. d4 d5 2. Nf3 e6 3. c4 Nf6 4. Nc3 Be7 5. Bf4 0-0 6. e3 c6 7. cxd5 exd5 8. Qc2 Bg4 9. Ne5 Be6 10. Bd3 Nbd7 11. 0-0 h6 12. Rab1 Nxe5 13. Bxe5 Nd7 14. Bg3 Rc8 15. b4 b5 16. Rfc1 Nb6 17. a4 a6 18. Qa2 Ra8 19. axb5 cxb5 20. Ne2 Nc4 21. e4 dxe4 22. Bxe4 Bd5 23. Bd3 Bg5 24. Bf4 Ne3 25. Qd2 Nxg2 26. Bxg5 hxg5 27. Ng3 Nh4 28. Be2 Qf6 29. Rc3 Rfe8 30. Re3 Rxe3 31. Qxe3 Rd8 32. Rd1 Bf3 33. Rd3 Bxe2 34. Nxe2 g4 35. Ng3 Nf3+ 36. Kh1 Rxd4 37. Rxd4 Qxd4 38. Qxd4 Nxd4 0-1

[Event "CRO-ch U13"]
[Site "Trogir"]
[Date "2020.08.28"]
[Round "7"]
[White "Bunic, Emanuel"]
[Black "Franc, Borna"]
[Result "1-0"]
[WhiteElo "1758"]
[BlackElo "2028"]
[PlyCount "73"]
[EventDate "2020.08.24"]
[EventType "swiss"]
[EventRounds "9"]
[EventCountry "CRO"]
[SourceTitle "CBM 198 Extra"]
[Source "ChessBase"]
[SourceDate "2020.11.30"]
[SourceVersion "1"]
[SourceVersionDate "2020.11.30"]
[SourceQuality "1"]

1. d4 d5 2. c4 e6 3. Nc3 f5 4. Bf4 Nf6 5. Nf3 Be7 6. e3 0-0 7. Qc2 c6 8. Bd3 Ne4 9. g4 Kh8 10. h4 Qa5 11. g5 Na6 12. Bxe4 Nb4 13. Qd2 fxe4 14. Ne5 Bd6 15. 0-0 Bxe5 16. Bxe5 Nd3 17. Bg3 Rf3 18. Nxe4 Qxd2 19. Nxd2 Rf8 20. b3 Bd7 21. Kg2 Be8 22. Nf3 Bh5 23. Ng1 Rf7 24. a3 Rc8 25. Ra2 b5 26. c5 e5 27. Bxe5 Nxe5 28. dxe5 a5 29. f4 Bg6 30. Rd2 Be4+ 31. Nf3 Re8 32. Kg3 Bxf3 33. Rxf3 g6 34. Rff2 Kg7 35. Rd4 Rf5 36. e4 dxe4 37. Re2 1-0

[Event "CRO-ch U13"]
[Site "Trogir"]
[Date "2020.08.26"]
[Round "4"]
[White "Franc, Borna"]
[Black "Babler, Jan"]
[Result "1-0"]
[WhiteElo "2028"]
[BlackElo "1532"]
[PlyCount "75"]
[EventDate "2020.08.24"]
[EventType "swiss"]
[EventRounds "9"]
[EventCountry "CRO"]
[SourceTitle "CBM 198 Extra"]
[Source "ChessBase"]
[SourceDate "2020.11.30"]
[SourceVersion "1"]
[SourceVersionDate "2020.11.30"]
[SourceQuality "1"]

1. e4 e5 2. Nf3 Nc6 3. Bc4 Bc5 4. 0-0 Nf6 5. d4 exd4 6. e5 d5 7. exf6 dxc4 8. fxg7 Rg8 9. Bg5 Be7 10. Bxe7 Nxe7 11. Qxd4 Qxd4 12. Nxd4 Rxg7 13. Re1 Bh3 14. g3 0-0-0 15. c3 Nf5 16. Nxf5 Bxf5 17. Na3 Be6 18. Rad1 Rgg8 19. Nb5 a6 20. Nd4 Bh3 21. Re5 Rge8 22. Rde1 Kd7 23. f3 Be6 24. Kf2 c6 25. Rh5 Bd5 26. Rxe8 Rxe8 27. Rxh7 c5 28. Rh5 Kd6 29. Nf5+ Kc6 30. Ne3 Be6 31. Re5 Rd8 32. Ke2 b5 33. Re4 b4 34. cxb4 cxb4 35. Nxc4 Bf5 36. Ne5+ Kb5 37. Nxf7 Rd7 38. Re5+ 1-0

[Event "CRO-chT U16 29th"]
[Site "Sesvete"]
[Date "2020.06.27"]
[Round "4.1"]
[White "Franc, Borna"]
[Black "Hostnjak, Hrvoje"]
[Result "1-0"]
[WhiteElo "2004"]
[BlackElo "1591"]
[PlyCount "73"]
[EventDate "2020.06.20"]
[EventType "team-tourn"]
[EventRounds "9"]
[EventCountry "CRO"]
[SourceTitle "EXT 2021"]
[Source "ChessBase"]
[SourceDate "2020.10.23"]
[SourceVersion "1"]
[SourceVersionDate "2020.10.23"]
[SourceQuality "1"]
[WhiteTeam "Samobor"]
[BlackTeam "Varazdinske Toplice"]
[WhiteTeamCountry "CRO"]
[BlackTeamCountry "CRO"]

1. e4 e5 2. Nf3 Nf6 3. Nc3 Nc6 4. Bc4 Nxe4 5. Nxe4 d5 6. Bd3 dxe4 7. Bxe4 Bd6 8. 0-0 0-0 9. d3 Bg4 10. Qe1 Re8 11. a3 Qd7 12. Qc3 Rab8 13. Be3 a6 14. b4 Nd8 15. Nd2 b5 16. Nb3 Ne6 17. Bc6 Qe7 18. Bxe8 Rxe8 19. Rae1 Qh4 20. f3 e4 21. f4 exd3 22. cxd3 Qh5 23. Bc5 Rd8 24. Bxd6 cxd6 25. Nd4 Qd5 26. Nxe6 Bxe6 27. Rc1 h5 28. Qd2 Bf5 29. Rf3 Re8 30. Re1 Qd4+ 31. Kh1 Rxe1+ 32. Qxe1 Bg4 33. Re3 Qxf4 34. Re8+ Kh7 35. Qe4+ Qxe4 36. dxe4 Be6 37. Rd8 1-0

[Event "CRO-chT U16 29th"]
[Site "Sesvete"]
[Date "2020.06.20"]
[Round "2.1"]
[White "Franc, Borna"]
[Black "Vucenovic, Damian"]
[Result "1-0"]
[WhiteElo "2004"]
[BlackElo "1959"]
[PlyCount "41"]
[EventDate "2020.06.20"]
[EventType "team-tourn"]
[EventRounds "9"]
[EventCountry "CRO"]
[SourceTitle "EXT 2021"]
[Source "ChessBase"]
[SourceDate "2020.10.23"]
[SourceVersion "1"]
[SourceVersionDate "2020.10.23"]
[SourceQuality "1"]
[WhiteTeam "Samobor"]
[BlackTeam "Strigova Stridon"]
[WhiteTeamCountry "CRO"]
[BlackTeamCountry "CRO"]

1. e4 e5 2. Nf3 Nc6 3. Bc4 Bc5 4. 0-0 Nf6 5. d4 exd4 6. e5 d5 7. exf6 dxc4 8. fxg7 Rg8 9. Bg5 Qd5 10. Nc3 Qf5 11. Ne4 Be7 12. Bxe7 Nxe7 13. Qxd4 Nd5 14. Qxd5 Qxd5 15. Nf6+ Kd8 16. Nxd5 c6 17. Nf6 Rxg7 18. Rad1+ Ke7 19. Nh5 Rg8 20. Rfe1+ Kf8 21. Rd8# 1-0

[Event "Krapina op 10th"]
[Site "Krapina"]
[Date "2020.01.18"]
[Round "5"]
[White "Novosel, Vladimir"]
[Black "Franc, Borna"]
[Result "1-0"]
[WhiteElo "1945"]
[BlackElo "1784"]
[PlyCount "107"]
[EventDate "2020.01.16"]
[EventType "swiss"]
[EventRounds "7"]
[EventCountry "CRO"]
[SourceTitle "CBM 194 Extra"]
[Source "ChessBase"]
[SourceDate "2020.03.31"]
[SourceVersion "1"]
[SourceVersionDate "2020.03.31"]
[SourceQuality "1"]

1. e4 e5 2. Nf3 Nc6 3. Bc4 Bc5 4. b4 Bxb4 5. c3 Be7 6. Qb3 Nh6 7. d4 Na5 8. Qa4 Nxc4 9. Qxc4 d5 10. exd5 e4 11. Nfd2 Bf5 12. Qb5+ Qd7 13. Qxd7+ Kxd7 14. Nc4 Ng4 15. h3 Nf6 16. Ne5+ Ke8 17. c4 Nd7 18. a4 f6 19. Nxd7 Bxd7 20. 0-0 f5 21. Bf4 Bf6 22. Rd1 Kf7 23. Bxc7 Rac8 24. d6 Be6 25. Na3 Bd8 26. Bxd8 Rhxd8 27. c5 a6 28. Rdb1 Bd5 29. a5 Rd7 30. Rb6 Rc6 31. Rb4 g5 32. Rab1 Rc8 33. Kf1 Ke6 34. Ke2 f4 35. Rb6 Rf8 36. Ke1 h5 37. R6b4 h4 38. Nc4 Bxc4 39. Rxc4 f3 40. gxf3 Rxf3 41. Rcb4 Rxh3 42. Rxb7 Rh1+ 43. Ke2 Rxb1 44. Rxb1 Kd5 45. Rc1 Kc6 46. Ke3 Rf7 47. Rg1 Rf3+ 48. Kxe4 Rxf2 49. Rxg5 Re2+ 50. Kd3 Rh2 51. d5+ Kd7 52. Rg7+ Ke8 53. c6 h3 54. c7 1-0

[Event "Krapina op 10th"]
[Site "Krapina"]
[Date "2020.01.17"]
[Round "3"]
[White "Svrtan, Zlatko"]
[Black "Franc, Borna"]
[Result "1-0"]
[WhiteElo "2000"]
[BlackElo "1784"]
[PlyCount "163"]
[EventDate "2020.01.16"]
[EventType "swiss"]
[EventRounds "7"]
[EventCountry "CRO"]
[SourceTitle "CBM 194 Extra"]
[Source "ChessBase"]
[SourceDate "2020.03.31"]
[SourceVersion "1"]
[SourceVersionDate "2020.03.31"]
[SourceQuality "1"]

1. e4 e5 2. Nf3 Nc6 3. Bc4 Bc5 4. d3 Nf6 5. c3 0-0 6. 0-0 d6 7. Bg5 Be6 8. Nbd2 h6 9. Bh4 Qe7 10. b4 Bb6 11. a4 a5 12. b5 Nb8 13. d4 Bxc4 14. Nxc4 Nbd7 15. Re1 Qe6 16. d5 Qe7 17. Ne3 Bxe3 18. Rxe3 Qe8 19. Nd2 Nh7 20. g4 g5 21. Bg3 f6 22. h4 Qg6 23. Kg2 Nc5 24. Qe2 b6 25. c4 Rae8 26. Rea3 Rf7 27. Rh1 Nf8 28. Kf1 Rh7 29. Rh2 Ree7 30. Ke1 Kf7 31. Qf3 Ke8 32. Qe2 Kd8 33. Qf3 Ke8 34. Ke2 Kd8 35. Ke3 Rd7 36. Ra1 Rde7 37. Qd1 Ref7 38. Qf3 Re7 39. Ra3 Ref7 40. Qd1 Re7 41. Qh1 Ref7 42. Ke2 Re7 43. f3 Ref7 44. Bf2 Nfd7 45. Be3 Nb7 46. Nf1 Nf8 47. Ng3 Kc8 48. Ra2 Kd8 49. Kd3 Kc8 50. Rh3 Kd8 51. Rah2 Kc8 52. Nf5 Kd8 53. hxg5 hxg5 54. Rh6 Qg8 55. Qg2 Ke8 56. Qg1 Nd7 57. Qh1 Nf8 58. Kc3 Kd8 59. Kb3 Ke8 60. Kc3 Kd8 61. R6h5 Qg6 62. Rh6 Qg8 63. Qg1 Nd7 64. Qg2 Ke8 65. Qh3 Nf8 66. Qg3 Kd8 67. R2h5 Ke8 68. Qg1 Nd7 69. Qf2 Kd8 70. Qh2 Nf8 71. Qh1 Ke8 72. c5 bxc5 73. b6 cxb6 74. Qb1 Nd7 75. Qb5 Kd8 76. Qc6 Nf8 77. Qxb6+ Kc8 78. Qc6+ Kb8 79. Qe8+ Ka7 80. Nxd6 Nxd6 81. Bxc5+ Kb7 82. Qc6+ 1-0

[Event "Krapina op 10th"]
[Site "Krapina"]
[Date "2020.01.16"]
[Round "1"]
[White "Zelenika, Zoran"]
[Black "Franc, Borna"]
[Result "1/2-1/2"]
[WhiteElo "2121"]
[BlackElo "1784"]
[PlyCount "76"]
[EventDate "2020.01.16"]
[EventType "swiss"]
[EventRounds "7"]
[EventCountry "CRO"]
[SourceTitle "CBM 194 Extra"]
[Source "ChessBase"]
[SourceDate "2020.03.31"]
[SourceVersion "1"]
[SourceVersionDate "2020.03.31"]
[SourceQuality "1"]

1. d4 Nf6 2. Nf3 e6 3. g3 d5 4. Bg2 Be7 5. c4 0-0 6. 0-0 c5 7. cxd5 exd5 8. Nc3 Nc6 9. Bf4 Bg4 10. dxc5 Bxc5 11. Bg5 d4 12. Bxf6 Qxf6 13. Ne4 Qe7 14. Nxc5 Qxc5 15. Qd2 Rad8 16. Rfc1 Qb6 17. h3 Bh5 18. g4 Bg6 19. Nh4 Rfe8 20. Nxg6 hxg6 21. Bxc6 bxc6 22. Rc4 Re6 23. Rac1 Rde8 24. Qxd4 Qxd4 25. Rxd4 Rxe2 26. Rxc6 Rxb2 27. a4 Rb7 28. g5 Rbe7 29. Kg2 Re5 30. h4 Re4 31. Rcc4 Rxd4 32. Rxd4 Kf8 33. Kf3 Re5 34. Kg4 Ke7 35. f4 Rc5 36. Re4+ Kd6 37. Rd4+ Ke7 38. Re4+ Kd6 1/2-1/2

[Event "Hvar op U16 3rd"]
[Site "Hvar"]
[Date "2019.10.07"]
[Round "4"]
[White "Franc, Borna"]
[Black "Grgantov, Marin"]
[Result "1-0"]
[WhiteElo "1802"]
[BlackElo "1833"]
[PlyCount "31"]
[EventDate "2019.10.05"]
[EventType "swiss"]
[EventRounds "6"]
[EventCountry "CRO"]
[SourceTitle "CBM 193 Extra"]
[Source "ChessBase"]
[SourceDate "2020.01.31"]
[SourceVersion "1"]
[SourceVersionDate "2020.01.31"]
[SourceQuality "1"]

1. e4 d5 2. exd5 Nf6 3. d4 Bg4 4. Be2 Bxe2 5. Nxe2 Qxd5 6. 0-0 Nc6 7. Nbc3 Qd7 8. h3 0-0-0 9. Be3 e6 10. a3 Nd5 11. Nxd5 Qxd5 12. c3 Be7 13. Qc2 Bg5 14. c4 Nxd4 15. Nxd4 Qe5 16. Nf3 1-0